[Event "Levice Toth Memorial"]
[Site "Levice"]
[Date "2019.08.03"]
[Round "4"]
[White "Jdaieh, Adel"]
[Black "Gallo, Gabriel"]
[Result "0-1"]
[WhiteElo "1461"]
[BlackElo "1597"]
[PlyCount "82"]
[EventDate "2019.08.01"]
[EventType "swiss"]
[EventRounds "7"]
[EventCountry "SVK"]
[SourceTitle "EXT 2020"]
[Source "ChessBase"]
[SourceDate "2019.10.17"]
[SourceVersion "1"]
[SourceVersionDate "2019.10.17"]
[SourceQuality "1"]

1. e4 e5 2. Nf3 Nc6 3. Bc4 Nf6 4. d3 Bc5 5. 0-0 d6 6. h3 Be6 7. Bxe6 fxe6 8. Nh2 d5 9. Nc3 0-0 10. Kh1 dxe4 11. Na4 Bb6 12. Nxb6 axb6 13. Bg5 exd3 14. c3 e4 15. Ng4 Rf7 16. Bxf6 Rxf6 17. Nxf6+ Qxf6 18. Qd2 Na5 19. b3 c5 20. f3 Qg6 21. fxe4 Qxe4 22. Rf4 Qd5 23. Raf1 e5 24. Rf5 Qd6 25. Qg5 e4 26. Rf6 Qd7 27. Rf7 Qxf7 28. Rxf7 Kxf7 29. Qd5+ Kf8 30. Qxe4 Rd8 31. Qf4+ Kg8 32. Qc7 Nc6 33. Qf4 d2 34. Qc4+ Kh8 35. Kh2 d1Q 36. Qf7 Qd6+ 37. Kh1 Rf8 38. Qc4 Qg3 39. Qe2 Ne5 40. a4 Rf2 41. Qd1 Qxg2# 0-1

[Event "Levice op"]
[Site "Levice"]
[Date "2018.08.05"]
[Round "6"]
[White "Sevcik, Peter"]
[Black "Gallo, Gabriel"]
[Result "0-1"]
[WhiteElo "1640"]
[BlackElo "1465"]
[PlyCount "68"]
[EventDate "2018.08.02"]
[EventType "swiss"]
[EventRounds "7"]
[EventCountry "SVK"]
[SourceTitle "CBM 185 Extra"]
[Source "ChessBase"]
[SourceDate "2018.07.29"]
[SourceVersion "1"]
[SourceVersionDate "2018.07.29"]
[SourceQuality "1"]

1. d4 d5 2. f4 Nf6 3. e3 Bf5 4. Bd3 Ne4 5. Nf3 e6 6. 0-0 Be7 7. Ne5 Nd7 8. Nd2 c5 9. c3 Nxe5 10. Bxe4 Bxe4 11. fxe5 0-0 12. Nxe4 dxe4 13. Qb3 b6 14. Rf4 Qd5 15. Qc2 f5 16. exf6 Bxf6 17. Rxe4 Rad8 18. dxc5 bxc5 19. Rb1 Be7 20. Rf4 Bg5 21. Rxf8+ Rxf8 22. Bd2 Qc6 23. b3 Qd6 24. Re1 Rd8 25. Bc1 Qe5 26. Kh1 Rf8 27. Qe2 Qe4 28. Ba3 Bh4 29. Rd1 Rf2 30. Rd8+ Bxd8 31. Qxf2 Qb1+ 32. Qg1 Qxa2 33. Bxc5 Qxb3 34. Qd1 Qxd1# 0-1

[Event "Levice op"]
[Site "Levice"]
[Date "2018.08.03"]
[Round "2"]
[White "Gallo, Gabriel"]
[Black "Grec, Jan Alexander"]
[Result "1-0"]
[WhiteElo "1465"]
[BlackElo "1676"]
[PlyCount "135"]
[EventDate "2018.08.02"]
[EventType "swiss"]
[EventRounds "7"]
[EventCountry "SVK"]
[SourceTitle "CBM 185 Extra"]
[Source "ChessBase"]
[SourceDate "2018.07.29"]
[SourceVersion "1"]
[SourceVersionDate "2018.07.29"]
[SourceQuality "1"]

1. e4 c5 2. Bc4 d6 3. Nf3 Nf6 4. d3 Bg4 5. Be3 Nc6 6. Nbd2 g6 7. h3 Bd7 8. c3 Bg7 9. d4 cxd4 10. cxd4 Na5 11. e5 Nxc4 12. Nxc4 dxe5 13. dxe5 Ne4 14. Qc2 Bc6 15. Nd4 Bd5 16. Nf3 0-0 17. Rd1 Rc8 18. b3 b5 19. Qd3 bxc4 20. Qxd5 Qxd5 21. Rxd5 c3 22. 0-0 Rfd8 23. Rdd1 e6 24. Rc1 Bf8 25. Rc2 Rd7 26. Nd4 Bc5 27. Nb5 Bxe3 28. fxe3 Rd5 29. Nd6 Nxd6 30. exd6 Rxd6 31. Rfc1 Rdc6 32. Kf2 Kf8 33. e4 Ke7 34. Ke3 Kf6 35. Rf1+ Ke7 36. Rd1 f6 37. g4 e5 38. h4 Ke6 39. Rf1 Rf8 40. Kd3 f5 41. Rxc3 Rxc3+ 42. Kxc3 f4 43. g5 f3 44. Rf2 Rf4 45. Kd3 Rxh4 46. Rxf3 Rh5 47. Rg3 Kd6 48. b4 Rh1 49. Kc2 Ra1 50. Kb3 Kc6 51. Rc3+ Kd7 52. Rc5 Kd6 53. Rd5+ Ke6 54. Ra5 Re1 55. Ra6+ Ke7 56. Rxa7+ Ke6 57. Rxh7 Rxe4 58. Rg7 Re3+ 59. Ka4 Re2 60. a3 Kf5 61. b5 Kxg5 62. Rf7 e4 63. b6 e3 64. Kb3 Rd2 65. Kc3 Rd8 66. b7 e2 67. Re7 Rd7 68. Re5+ 1-0